000 00417nam a22001697a 4500
005 20180613162626.0
008 160512b xxu||||| |||| 00| 0 eng d
020 _a81-203-2559-9
041 _aeng
082 _b1683
_a657.42
100 _aBhattacharya Ashish K
_9509
245 _aPrinciples & Practice of cost accounting
260 _aNew Delhi
_bPHI,
300 _a1070
650 _aManagement
_9241
942 _cBK
999 _c653
_d653